000
00195nam a22000977a 4500
041
_a
ENG
245
_a
Shari Bhumi mi Dhan utpadan
260
_a
Delhi
_b
GAE
_c
1986
650
_a
GAE
856
_u
GAE
999
_c
2632
_d
2632